=LDR 00000nam 2200000 4500 =001 NUTBA000000000005492 =005 20141031111208.0 =006 =007 =008 =020 ##$$a 978-979-571-104-9 =035 ##$$a 0010-101400000000722 =040 ##$$a NBPDMAT =082 ##$$a 300.76 =090 ##$$a 300.76 $b IPS i =245 ##$$a IPS untuk SMP kelas VII / M. Yasin...[et.al] =260 ##$$a Jakarta : $b Ganeca Exat, $c 2013 =300 ##$$a 232 hlm. : $b ilus. ; $c 23 cm. =500 ##$$a Bibliografi : hlm. 221, Indeks : hlm. 228 =650 ##$$a IPS - Studi dan pengajaran =990 ##$$a 21415057 =990 ##$$a 21415058 =990 ##$$a 21415059